| 000 | 00609nam a22001697a 4500 | ||
|---|---|---|---|
| 003 | NUST | ||
| 038 | _aNusrat Nadeem | ||
| 082 | _a200 | ||
| 100 |
_aMukhtar, Amir _928703 |
||
| 245 |
_aDevelopment of Novel Base Bleed Composite Solid Propellant and Igniter for 155 mm Artillery Projectile vis-a-vis Parametric Studies/ _cAmir Mukhtar |
||
| 264 |
_aIslamabad; _bSCME NUST; _c2019. |
||
| 300 |
_a137,p; _bill; _c30,cm. |
||
| 650 |
_aPhD-Materials Engineering _9123162 |
||
| 700 |
_aSupervisor: Prof. Dr. Habib Nasir _9123499 |
||
| 856 | _uhttp://10.250.8.41:8080/xmlui/handle/123456789/10706 | ||
| 942 |
_2ddc _cTHE |
||
| 999 |
_c609677 _d609677 |
||